Projekt Mladých vedeckých pracovníkov č. 2330263 "Cieľ stratégie Európa 2020 - Investície do výskumu a vývoja na úrovni 3% HDP. Realita alebo fikcia?" správa o riešení projektu a jeho výsledkoch : rok riešenia projektu 2012
Gespeichert in:
| 1. Verfasser: | |
|---|---|
| Körperschaft: | |
| Weitere Verfasser: | , |
| Format: | Buch |
| Sprache: | Slowakisch |
| Veröffentlicht: |
[Košice]
2012
|
| Schlagworte: | |
| Tags: |
Keine Tags, Fügen Sie das erste Tag hinzu!
|
MARC
| LEADER | 00000nam a2200000 4500 | ||
|---|---|---|---|
| 001 | 0164968 | ||
| 005 | 20240614075737.7 | ||
| 041 | 0 | |a slo | |
| 044 | |a SK | ||
| 245 | 1 | 0 | |a Projekt Mladých vedeckých pracovníkov č. 2330263 "Cieľ stratégie Európa 2020 - Investície do výskumu a vývoja na úrovni 3% HDP. Realita alebo fikcia?" |b správa o riešení projektu a jeho výsledkoch : rok riešenia projektu 2012 |c vedúci projektu Emília Spišáková |
| 264 | 1 | |a [Košice] |c 2012 | |
| 300 | |a 21 s. | ||
| 610 | 2 | 0 | |a stratégia hospodárska |
| 610 | 2 | 0 | |a investície rozvojové |
| 610 | 2 | 0 | |a výskum |
| 610 | 2 | 0 | |a vývoj |
| 610 | 2 | 0 | |a Európa |
| 100 | 1 | |a Spišáková, Emília, 1983- | |
| 700 | 1 | |a Hudák, Igor, 1985- | |
| 700 | 1 | |a Meheš, Marek | |
| 710 | 2 | |a Ekonomická univerzita v Bratislave. Podnikovohospodárska fakulta so sídlom v Košiciach | |